| 000 | 00547nam a2200193 i 4500 | ||
|---|---|---|---|
| 001 | 52686 | ||
| 003 | ES-MaACL | ||
| 005 | 20230906162628.0 | ||
| 007 | t| | ||
| 008 | 030902s1978 sp ||||1| spa d | ||
| 100 | 1 |
_aDeaño, Alfredo. _943106 |
|
| 245 | 1 | 0 |
_aIntroducción a la lógica formal / _cAlfredo Deaño. |
| 260 |
_a[madrid] : _bAlianza, _c[1978] |
||
| 300 |
_a424 p. ; _c23 cm. |
||
| 490 | 1 | _aAlianza universidad. Textos | |
| 830 | 0 |
_aAlianza universidad. Textos _9177885 |
|
| 852 |
_aES-MaACL _jA-9715 _bR.98700 |
||
| 999 |
_c52686 _d52686 |
||